01498nam a2200397 i 450000100060000000300020000600500170000800600190002500700150004400800410005902000180010002000270011803500230014503500240016803500250019203500210021704000310023805000240026908200170029324501050031025000450041526400610046030000410052133600310056233700330059333800430062649000480066950000230071758801260074065000270086665000290089365500270092270000390094983000500098885600620103875468020241217151219.0m o d | cr cnu||||||||140821s2014 sp o 001 0 spa d z9788490122853 a9788490122860 (e-book) a(MiAaPQ)EBC3221326 a(Au-PeEL)EBL3221326 a(CaPaEBR)ebr10889550 a(OCoLC)991920857 aFINmELBbspaerdacFINmELB 4aZ286.E43bE199 20140 a070.579722303aEl ecosistema del libro electrónico universitario /cJosé Antonio Cordón García [y otros 3]. aSegunda edición corregida y aumentada. 1aSalamanca :bEdiciones Universidad de Salamanca,c[2014] a1 recurso en línea (308 páginas) atextobtxt2rdacontent/spa acomputadorabc2rdamedia/spa arecurso en líneabcr2rdacarrier/spa1 aBiblioteca de pensamiento & sociedad ;v107 aContiene índice. aDescripción basada en recurso en línea; Título de la página del título en PDF (e-libro, visto august 21, 2014). 0aElectronic publishing. 4aEdición electrónica. 4aLibros electrónicos.1 aCordón García, José Antonio. 0aBiblioteca de pensamiento & sociedad. ;v107.40uhttps://elibro.net/ereader/politecnicointernacional/55738